000 00614cam a2200217 4500500
005 20260329004418.0
041 _afre
042 _adc
100 1 0 _aLegros, Martin
_eauthor
245 0 0 _aLa croisade de Greta Thunberg
260 _c2019.
500 _a73
690 _aClimat
690 _aGreta Thunberg
690 _aMichael Walzer
690 _aPuritanisme
690 _aSaint
690 _aTintin
786 0 _nPhilosophie magazine | 134 | 11 | 2019-11-01 | p. 7-7 | 1951-1787
856 4 1 _uhttps://shs.cairn.info/magazine-philosophie-magazine-2019-11-page-7?lang=fr&redirect-ssocas=7080
999 _c1833596
_d1833596